Statistics for Orkney Islands Map

Click here to take the quiz!

General Stats

  • This quiz has been taken 35 times
    (29 since last reset)
  • The average score is 29 of 47

Answer Stats

Islands % Correct
Mainland
100%
Hoy
89%
Papa {Westray}
89%
North {Ronaldsay}
89%
South {Ronaldsay}
89%
Westray
78%
Stronsay
78%
Eday
78%
South {Walls}
78%
Holm of {Papa}
78%
Shapinsay
78%
Sanday
78%
Flotta
78%
Rousay
78%
Calf of {Flotta}
78%
Papa {Stronsay}
78%
Calf of {Eday}
78%
Burray
78%
{Lamb} Holm
78%
Swona
67%
{Linga} Holm
67%
Auskerry
67%
Wyre
67%
Copinsay
67%
Holm of {Grimbister}
67%
Eynhallow
67%
Fara
67%
Graemsay
67%
Faray
56%
Switha
56%
Holm of {Faray}
56%
Egilsay
56%
{Glims} Holm
56%
Cava
44%
Gairsay
44%
Brough of {Birsay}
44%
{Muckle} Skerry
44%
{Muckle} {Green} Holm
44%
{Inner} Holm
44%
Hunda
44%
{Start} Point
33%
Damsay
33%
{Sweyn} Holm
33%
Holm of {Scockness}
33%
{Rysa} Little
22%
{Helliar} Holm
22%
Holm of {Huip}
22%

Score Distribution

Percentile by Number Answered

Percent of People with Each Score

Your Score History

You have not taken this quiz since the last reset